[Event "Asian Academies Hybrid Chess-ch"]
[Site "Tornelo INT"]
[Date "2021.11.26"]
[Round "6.2"]
[White "Ajami, Kiyana"]
[Black "Kazi Afsan Rawnak, Anan"]
[Result "1/2-1/2"]
[WhiteElo "1170"]
[BlackElo "1410"]
[PlyCount "71"]
[EventDate "2021.11.21"]
[EventType "team-tourn"]
[EventRounds "7"]
[EventCountry "NET"]
[SourceTitle "EXT 2023"]
[Source "ChessBase"]
[SourceDate "2022.10.05"]
[SourceVersion "1"]
[SourceVersionDate "2022.10.05"]
[SourceQuality "1"]
[WhiteTeam "Pishgam Novin III"]
[BlackTeam "Basir Memorial CA"]
[WhiteTeamCountry "IRI"]
[BlackTeamCountry "BAN"]

1. d4 d5 2. Nf3 Nf6 3. e3 e6 4. Bd3 c5 5. c3 Bd6 6. Ne5 Bxe5 7. dxe5 Nfd7 8. f4 c4 9. Bc2 Qh4+ 10. g3 Qh3 11. Qe2 b5 12. Nd2 Bb7 13. e4 Nc5 14. b4 Ncd7 15. Bb2 0-0 16. 0-0-0 a5 17. Kb1 Rc8 18. Qe3 f6 19. Nf3 fxe5 20. fxe5 a4 21. exd5 Bxd5 22. Ng5 Qh6 23. Bxh7+ Kf8 24. Rhf1+ Ke8 25. Qf4 Nc6 26. Be4 Bxe4+ 27. Nxe4 Qg6 28. Ka1 Rcb8 29. Nc5 Ncxe5 30. Nxd7 Nxd7 31. Qd6 Ra7 32. g4 Rb6 33. Qd4 e5 34. Qf2 Rc7 35. h4 Rf6 36. Qg2 1/2-1/2

[Event "Asian Academies Hybrid Chess-ch"]
[Site "Tornelo INT"]
[Date "2021.11.25"]
[Round "5.1"]
[White "Ajami, Kiyana"]
[Black "Khaled Waleed, Abdullah"]
[Result "0-1"]
[WhiteElo "1170"]
[BlackElo "1568"]
[PlyCount "82"]
[EventDate "2021.11.21"]
[EventType "team-tourn"]
[EventRounds "7"]
[EventCountry "NET"]
[SourceTitle "EXT 2023"]
[Source "ChessBase"]
[SourceDate "2022.10.05"]
[SourceVersion "1"]
[SourceVersionDate "2022.10.05"]
[SourceQuality "1"]
[WhiteTeam "Pishgam Novin III"]
[BlackTeam "Aden"]
[WhiteTeamCountry "IRI"]
[BlackTeamCountry "YEM"]

1. d4 Nf6 2. Nf3 e6 3. e3 d5 4. Bd3 Be7 5. 0-0 0-0 6. Ne5 c5 7. c3 Nc6 8. f4 Qc7 9. Nd2 b6 10. a3 Bb7 11. Qe2 Rac8 12. e4 cxd4 13. exd5 Nxd5 14. cxd4 Nxd4 15. Qd1 Bc5 16. Kh1 Ne3 17. Bxh7+ Kxh7 18. Qh5+ Kg8 19. Rf2 Bd6 20. Ndf3 Nxf3 21. Nxf3 Bxf3 22. Qxf3 Qxc1+ 23. Rxc1 Rxc1+ 24. Rf1 Rxf1+ 25. Qxf1 Nxf1 26. Kg1 Ne3 27. Kf2 Nd1+ 28. Ke2 Nxb2 29. f5 exf5 30. Kf3 Bxa3 31. Kg3 Bd6+ 32. Kh3 a5 33. g3 a4 34. Kh4 a3 35. h3 a2 36. g4 a1Q 37. Kh5 g6+ 38. Kg5 Qc1+ 39. Kf6 Qc3+ 40. Kg5 Qe3+ 41. Kh4 Qh6# 0-1